000 00363nam a2200121 4500
999 _c12174
_d12174
008 190117b ||||| |||| 00| 0 eng d
100 _934481
_aMercurio, Richmond
245 _aLaguna firms cry foul over endo tag/
_cRichmond Mercurio
260 _aPhilippines
_bThe Philippine Star
_cc2018
300 _apage D1.
650 0 _934482
_aEmployment.
942 _2ddc
_cPER